| 000 | 00599nam a2200217 4500 | ||
|---|---|---|---|
| 001 | 28523 | ||
| 010 | _a9727101070 | ||
| 021 | _b210193/04 | ||
| 090 | _a28523 | ||
| 100 | _a20230706 pory50 | ||
| 200 | 1 |
_aO rapaz e o robô _fLuísa Ducla Soares _gil. Miguel Horta |
|
| 205 | _a7.ª ed | ||
| 210 |
_aLisboa _cTerramar, _d2009 |
||
| 215 |
_a41, [2] p. _cil. _d20 cm |
||
| 225 | 2 |
_aAbracadabra _v5 |
|
| 675 |
_a087.5 _vBN _zpor |
||
| 675 |
_a821.134.3-93"19" _vBN _zpor |
||
| 675 |
_a821.134.3-34"19" _vBN _zpor |
||
| 700 | 1 |
_aSoares, _bLuísa Ducla, _f1939- _92431 |
|
| 702 | 1 |
_aHorta, _bMiguel |
|
| 990 | _cLIVROS | ||